000 00380nam a2200157 i 4500
001 bg
100 1 _aGILLAM, E.
245 0 _aMaterials under Stress /
_cby E. Gillam.
260 _aLondon :
_bNewnes-Butterwoths,
_c1969.
300 _a213 s. :
_bil. ;
_c21 cm.
040 _cBPK
041 _apol
080 _a539.4
942 _cKS
008 s pl f |000 0 pol
999 _c13779
_d13779
856 _uhttp://koha.tu.koszalin.pl/cgi-bin/koha/opac-detail.pl?biblionumber=13779
_yKatalog online BPK